000 00655nam a22002537a 4500
003 UA-OsUOA
001 26970
007 ta
008 20040611b un ||||| |||| 00| 0 ukr d
100 _aГерасимчук В.Г.
090 _a658.8(075.8)
_bГ37
942 _cBK
040 _aUA-OsUOA
_bukr
_cUA-OsUOA
_dUA-OsUOA
245 _aМаркетинг: теорія і практика
_bНавчальний посібник
300 _a327 с.
955 _a0
041 _aukr
080 _a658.8(075.8)
020 _a5-11-004232-2
260 _aКиїв
_bВища школа
_c1994
044 _aUA
650 7 _2UDC
999 _c313307
_d313307